| 000 | 00749cam a2200253 a 4500 | ||
|---|---|---|---|
| 001 | 000017659 | ||
| 005 | 20200929165203.0 | ||
| 008 | 831013s1981 ve b 001 0 spa d | ||
| 035 | _a(DLC) 83213278 | ||
| 040 |
_aDO-SdBNP _cDLC _dDLC |
||
| 043 | _as-cl--- | ||
| 082 |
_a924.87 _bB446a, 1981 |
||
| 100 | 1 |
_aAgudo Freytes, Raul. _918395 |
|
| 245 | 1 | 0 |
_aAndrés Bello, maestro de América / _cRaul Agudo Freytes. |
| 250 | _a2a ed. | ||
| 260 |
_aCaracas : _bLa Casa de Bello, _c1981. |
||
| 300 |
_a87 p. ; _c24 cm. |
||
| 504 | _aIncluye referencias bibliográficas (p. 87). | ||
| 600 | 1 | 4 |
_aBELLO, ANDRES, _d1781-1865. _916627 |
| 651 | 4 |
_aChile _xCivilización _932680 |
|
| 910 | _aCatalogación derivada | ||
| 049 | _aBNGR | ||
| 082 | 0 | 0 |
_a861 _219 |
| 999 |
_c17184 _d17184 |
||